Estadísticas para Capitales Mundiales por Mapa

Haz click aquí para tomar la prueba!

Estadísticas generales

  • Esta prueba ha sido tomada 6.611 veces
  • La puntuación promedio es 117 de 196

Respuestas en el mapa

Las respuestas están codificadas por una escala verde-roja en el mapa de la prueba según el % correcto abajo.
Cargando...
 

Estadísticas de respuestas

PaísCapital% Correcto
EspañaMadrid
96%
MéxicoCiudad de
México
95%
ArgentinaBuenos Aires
95%
BrasilBrasilia
95%
FranciaParís
95%
Estados UnidosWashington D.C.
95%
Reino UnidoLondres
94%
RusiaMoscú
93%
AlemaniaBerlín
93%
ItaliaRoma
93%
ChileSantiago
93%
CanadáOttawa
92%
PerúLima
92%
PortugalLisboa
92%
JapónTokio
91%
VenezuelaCaracas
91%
ColombiaBogotá
91%
ChinaPekín
91%
EcuadorQuito
90%
UruguayMontevideo
90%
IrlandaDublin
90%
NoruegaOslo
90%
BoliviaLa Paz o Sucre
89%
CubaLa Habana
88%
GreciaAtenas
87%
EgiptoEl Cairo
86%
ParaguayAsunción
85%
FinlandiaHelsinki
85%
BélgicaBruselas
84%
AustraliaCanberra
84%
IndiaNueva Delhi
84%
Países BajosÁmsterdam
84%
SueciaEstocolmo
84%
PanamáCiudad de
Panamá
84%
UcraniaKiev
83%
Corea del SurSeúl
83%
VaticanoCiudad del
Vaticano
83%
PoloniaVarsovia
82%
AustriaViena
82%
TurquíaAnkara
81%
MónacoMónaco
80%
IslandiaReikiavik
80%
HungríaBudapest
80%
RumaniaBucarest
79%
LuxemburgoLuxemburgo
79%
República ChecaPraga
79%
BulgariaSofía
79%
DinamarcaCopenhague
79%
AndorraAndorra
la Vieja
78%
BielorrusiaMinsk
77%
San MarinoSan Marino
77%
SuizaBerna
77%
Costa RicaSan José
75%
ArgeliaArgel
74%
NicaraguaManagua
74%
CroaciaZagreb
74%
SudáfricaPretoria,
Ciudad del Cabo,
o Bloemfontein
74%
IsraelJerusalén
73%
El SalvadorSan Salvador
73%
EstoniaTallin
73%
GuatemalaCiudad de
Guatemala
73%
TunezTúnez
72%
JamaicaKingston
72%
MarruecosRabat
72%
San Vincente y las GrenadinasKingstown
72%
LetoniaRiga
71%
IránTeherán
71%
HondurasTegucigalpa
71%
MaltaLa Valeta
71%
Corea del NortePionyang
71%
FilipinasManila
69%
HaitíPuerto Príncipe
69%
IrakBagdad
69%
MongoliaUlán Bator
68%
Bosnia y HerzegovinaSarajevo
68%
Nueva ZelandaWellington
68%
AlbaniaTirana
67%
EslovaquiaBratislava
67%
República DominicanaSanto Domingo
67%
SiriaDamasco
67%
SerbiaBelgrado
67%
TailandiaBangkok
67%
BangladésDaca
66%
Arabia SauditaRiad
66%
LituaniaVilna
65%
IndonesiaYakarta
65%
GuianaGeorgetown
64%
SingapurSingapur
64%
EsloveniaLiubliana
64%
Emiratos Árabes UnidosAbu Dhabi
64%
LibiaTrípoli
64%
LiechtensteinVaduz
64%
ChipreNicosia
63%
BeliceBelmopán
63%
KeniaNairobi
62%
MalasiaKuala Lumpur
62%
VietnamHanói
62%
PakistánIslamabad
61%
SurinamParamaribo
61%
TaiwánTaipéi
61%
AfganistánKabul
61%
LíbanoBeirut
60%
NepalKatmandú
59%
BahamasNasáu
59%
AzerbaiyánBakú
59%
Macedonia del NorteSkopie
58%
CatarDoha
58%
KuwaitKuwait
58%
MoldaviaChișinău
57%
MontenegroPodgorica
57%
KazajistánNursultán
57%
JordaniaAmán
55%
Trinidad y TobagoPuerto España
55%
MadagascarAntananarivo
55%
KosovoPristina
55%
SenegalDakar
54%
EtiopíaAdís Abeba
53%
YemenSaná
53%
GeorgiaTiflis
52%
ArmeniaEreván
52%
MozambiqueMaputo
50%
AngolaLuanda
49%
YibutiYibuti
48%
NigeriaAbuya
48%
CambodiaNom Pen
47%
GhanaAcra
46%
LaosVientián
46%
República Democrática del CongoKinsasa
46%
OmánMascate
46%
Cabo VerdePraia
44%
Sierra LeoneFreetown
44%
Guinea-BisauBisáu
44%
SomaliaMogadiscio
44%
Santo Tomé y PríncipeSanto Tomé
43%
SudánJartum
43%
SeychellesVictoria
43%
MaldivasMalé
42%
Timor OrientalDili
42%
GranadaSaint George
41%
GabónLibreville
41%
República del CongoBrazzaville
41%
BarbadosBridgetown
41%
Antigua y BarbudaSaint John's
40%
Santa LucíaCastries
40%
UgandaKampala
40%
BaréinManama
40%
San Cristóbal y NievesBasseterre
39%
Papua Nueva GuineaPort Moresby
39%
UzbekistánTaskent
39%
BenínPorto-Novo o
Cotonu
39%
ButánTimbu
39%
CamerúnYaundé
38%
TogoLomé
38%
DominicaRoseau
38%
LiberiaMonrovia
38%
GuineaConakri
38%
KirguistánBiskek
37%
MalíBamako
37%
Sudán del SurYuba
36%
ZambiaLusaka
36%
ZimbabueHarare
36%
FiyiSuva
36%
EritreaAsmara
36%
MauricioPort Louis
35%
NamibiaWindhoek
35%
RuandaKigali
35%
Sri LankaSri Jayawardenepura Kotte
34%
MyanmarNaipyidó
34%
TurkmenistánAsjabad
34%
TanzaniaDodoma
34%
BrunéiBandar Seri
Begawan
34%
ChadYamena
33%
MauritaniaNuakchot
33%
NígerNiamey
33%
GambiaBanjul
33%
BotsuanaGaborone
33%
SamoaApia
33%
Guinea EcuatorialMalabo
33%
TayikistánDusambé
33%
Burkina FasoUagadugú
32%
República Centro AfricanaBangui
32%
VanuatuPort Vila
32%
ComorasMoroni
30%
LesotoMaseru
30%
Costa de MarfilYamusukro
30%
SuazilandiaMbabane
29%
MalauiLilongüe
28%
KiribatiTarawa Sur
27%
NauruYaren
26%
MicronesiaPalikir
26%
BurundiGitega
26%
Islas SalomónHoniara
25%
Islas MarshallMajuro
25%
TuvaluFunafuti
25%
TongaNukualofa
23%
PalauNgerulmud
21%

Distribución de puntuación

Porcentaje por número respondido

Porcentaje de gente con cada puntuación

Historial de tus puntuaciones

No has tomado esta prueba